[Event "Brnshj Lang Weekend 2019"]
[Site "?"]
[Date "2019.02.08"]
[Round "1"]
[White "Vasli, Aref"]
[Black "Nilssen, Ellen Fredericia"]
[Result "1-0"]
[WhiteElo "2293"]
[BlackElo "2028"]
[PlyCount "93"]
[EventDate "2019.02.??"]
[EventType "swiss"]
[EventRounds "7"]

1. e4 e6 2. d4 d5 3. Nc3 Bb4 4. a3 Bxc3+ 5. bxc3 dxe4 6. Qg4 Nf6 7. Qxg7 Rg8 8.
Qh6 c5 9. Ne2 Nc6 10. dxc5 Bd7 11. Bg5 Rg6 12. Qh4 h6 13. Bd2 Ne7 14. Ng3 Qa5
15. Nxe4 Nxe4 16. Qxe4 Qxc5 17. Qd4 Qc7 18. Qh8+ Ng8 19. Bd3 f5 20. Qd4 Bc6 21.
Bf4 Qa5 22. Qe5 Qxe5+ 23. Bxe5 Rxg2 24. Ke2 Kf7 25. Rhg1 Rxg1 26. Rxg1 Nf6 27.
Rg3 Rg8 28. f3 Nh7 29. Ke3 Nf6 30. c4 Nd7 31. Bd6 Rg5 32. Bc7 Rg6 33. c3 Kf6
34. Bd8+ Kf7 35. Rxg6 Kxg6 36. f4 Nf6 37. Kd4 Kf7 38. Be2 Bg2 39. Ke5 Ng4+ 40.
Kd6 Nxh2 41. Bh5+ Kg7 42. Kxe6 Be4 43. Bf6+ Kf8 44. Bd4 Nf1 45. Kf6 Ng3 46. Bf7
b6 47. Be5 1-0

[Event "Brnshj Lang Weekend 2019"]
[Site "?"]
[Date "2019.02.08"]
[Round "1"]
[White "Sorensen, Per Settergren"]
[Black "Haubro, Martin"]
[Result "0-1"]
[WhiteElo "2045"]
[BlackElo "2344"]
[PlyCount "56"]
[EventDate "2019.02.??"]
[EventType "swiss"]
[EventRounds "7"]

1. e4 c5 2. Nf3 d6 3. d4 cxd4 4. Nxd4 Nf6 5. Nc3 a6 6. g3 e5 7. Nb3 Be7 8. Bg2
Be6 9. O-O Nbd7 10. h3 b5 11. a4 b4 12. Nd5 Nxd5 13. exd5 Bf5 14. g4 Bg6 15. f4
Qb6+ 16. Kh1 exf4 17. Qe2 Rc8 18. Re1 Ne5 19. a5 Qa7 20. Be4 f3 21. Bxf3 Rxc2
22. Nd2 Bd3 23. Qe3 Qxe3 24. Rxe3 Bg5 25. Bd1 Bxe3 26. Bxc2 Bxc2 27. Nf1 Bxc1
28. Rxc1 b3 0-1

[Event "Brnshj Lang Weekend 2019"]
[Site "?"]
[Date "2019.02.08"]
[Round "1"]
[White "Brondal, Paul"]
[Black "Percivaldi, Martin"]
[Result "0-1"]
[WhiteElo "2087"]
[BlackElo "2392"]
[PlyCount "104"]
[EventDate "2019.02.??"]
[EventType "swiss"]
[EventRounds "7"]

1. Nf3 d5 2. b3 Nf6 3. Bb2 Bf5 4. e3 e6 5. Be2 h6 6. O-O Nbd7 7. c4 c6 8. d4
Be7 9. Nbd2 O-O 10. Ne5 Nxe5 11. dxe5 Nd7 12. Nf3 Bh7 13. cxd5 cxd5 14. Bd3
Bxd3 15. Qxd3 Nc5 16. Qe2 a5 17. Bd4 Qd7 18. Rac1 Rfc8 19. Rfd1 Ne4 20. Nd2
Nxd2 21. Qxd2 Qb5 22. h3 Rc6 23. Rxc6 bxc6 24. Qd3 Qxd3 25. Rxd3 c5 26. Bb2 a4
27. bxa4 c4 28. Rc3 Rxa4 29. a3 Kf8 30. Kf1 Ke8 31. Ke2 Kd7 32. Kd1 Ra7 33. Kc1
Kc6 34. Kb1 Kb5 35. Ka2 Rb7 36. Rc2 Ka4 37. e4 Rb3 38. exd5 exd5 39. e6 fxe6
40. Bxg7 Bxa3 41. Bxh6 c3 42. Bg7 Bb2 43. Bf8 Rb8 44. Bd6 Rb6 45. Be5 Kb4 46.
Rxb2+ cxb2 47. Kxb2 Kc4+ 48. Kc2 Ra6 49. h4 Ra2+ 50. Bb2 d4 51. Kb1 d3 52. Bc1
d2 0-1

[Event "Brnshj Lang Weekend 2019"]
[Site "?"]
[Date "2019.02.08"]
[Round "1"]
[White "Antonsen, Mikkel"]
[Black "Petersen, Steen Brustrup"]
[Result "1-0"]
[WhiteElo "2428"]
[BlackElo "2089"]
[PlyCount "93"]
[EventDate "2019.02.??"]
[EventType "swiss"]
[EventRounds "7"]

1. Nf3 d5 2. g3 Bg4 3. Bg2 Nd7 4. d4 e6 5. h3 Bxf3 6. Bxf3 Bd6 7. e4 dxe4 8.
Bxe4 c6 9. O-O Ngf6 10. Bg2 O-O 11. c4 e5 12. Nc3 exd4 13. Qxd4 Be5 14. Qe3 Re8
15. Qf3 Qa5 16. Bd2 Rad8 17. Rfd1 Qc5 18. b3 Bd4 19. Be1 Ne5 20. Qf5 Qe7 21.
Rac1 g6 22. Qc2 Nh5 23. Kh2 g5 24. Ne2 Bc5 25. Rxd8 Rxd8 26. Rd1 Re8 27. Nd4
Qf6 28. Nf5 g4 29. Bc3 Qg6 30. b4 Bf8 31. hxg4 Nxg4+ 32. Kg1 Ng7 33. Bxg7 Bxg7
34. Rd8 Rxd8 35. Ne7+ Kf8 36. Nxg6+ hxg6 37. Qe2 Ne5 38. Bf1 Nd3 39. Qd2 Bd4
40. Bxd3 b6 41. Be4 c5 42. Bd5 Rd6 43. Kg2 Kg7 44. bxc5 Bxc5 45. Qc3+ f6 46.
Qe1 Rd7 47. Qe6 1-0

[Event "Brnshj Lang Weekend 2019"]
[Site "?"]
[Date "2019.02.09"]
[Round "2"]
[White "Liu, Casper Yukun"]
[Black "Nielsen, Viktor Haarmark"]
[Result "1/2-1/2"]
[WhiteElo "2126"]
[BlackElo "2265"]
[PlyCount "32"]
[EventDate "2019.02.??"]
[EventType "swiss"]
[EventRounds "7"]

1. d4 d5 2. Bf4 Nf6 3. e3 c5 4. Nf3 Nc6 5. Nbd2 e6 6. c3 cxd4 7. exd4 Bd6 8.
Bg3 O-O 9. Bd3 Ne7 10. Ne5 Nf5 11. O-O Qc7 12. Re1 Nxg3 13. hxg3 Bd7 14. g4 g6
15. g5 Ne8 16. Qg4 f5 1/2-1/2

[Event "Brnshj Lang Weekend 2019"]
[Site "?"]
[Date "2019.02.09"]
[Round "2"]
[White "Andersen, Rune"]
[Black "Antonsen, Mikkel"]
[Result "0-1"]
[WhiteElo "2177"]
[BlackElo "2428"]
[PlyCount "51"]
[EventDate "2019.02.??"]
[EventType "swiss"]
[EventRounds "7"]

1. d4 Nf6 2. c4 g6 3. Nc3 d5 4. Nf3 Bg7 5. Qb3 dxc4 6. Qxc4 O-O 7. e4 a6 8. e5
b5 9. Qb3 Nfd7 10. e6 fxe6 11. Be3 Nf6 12. Be2 Nd5 13. Bg5 h6 14. Bd2 Nc6 15.
Qc2 Qe8 16. Qe4 Nf6 17. Qh4 g5 18. Qg3 b4 19. Nd1 Ne4 20. Qxc7 Ra7 21. Qb6 Nxd2
22. Kxd2 Qd7 23. Ke1 Rb7 24. Qxa6 Nxd4 25. Nxd4 Qxd4 26. Rc1 0-1

[Event "Brnshj Lang Weekend 2019"]
[Site "?"]
[Date "2019.02.09"]
[Round "2"]
[White "Rendboe, John Filip"]
[Black "Hoi, Carsten"]
[Result "1/2-1/2"]
[WhiteElo "2156"]
[BlackElo "2370"]
[PlyCount "56"]
[EventDate "2019.02.??"]
[EventType "swiss"]
[EventRounds "7"]

1. d4 d5 2. c4 dxc4 3. e3 e5 4. Bxc4 Nc6 5. d5 Nce7 6. Qb3 Nf5 7. Bb5+ Ke7 8.
Nf3 f6 9. Nc3 Nd6 10. e4 a6 11. Be2 Bd7 12. Be3 g6 13. Nd2 Bh6 14. Nc4 Bxe3 15.
Nxe3 Nh6 16. Rc1 b5 17. a4 Qb8 18. axb5 axb5 19. Qb4 Rc8 20. O-O Qb6 21. Ra1
Nhf7 22. Nc2 h5 23. Rfe1 h4 24. h3 Ng5 25. Rxa8 Rxa8 26. Bf1 Kd8 27. Re3 Kc8
28. Bd3 Kd8 1/2-1/2

[Event "Brnshj Lang Weekend 2019"]
[Site "?"]
[Date "2019.02.09"]
[Round "2"]
[White "Percivaldi, Martin"]
[Black "Thybo, Thomas Sondergaard"]
[Result "1-0"]
[WhiteElo "2392"]
[BlackElo "2164"]
[PlyCount "39"]
[EventDate "2019.02.??"]
[EventType "swiss"]
[EventRounds "7"]

1. Nf3 d5 2. g3 h5 3. d4 Bg4 4. Bg2 Nc6 5. c3 Qd7 6. Nbd2 O-O-O 7. b4 f6 8. O-O
e5 9. b5 Nb8 10. dxe5 h4 11. Nxh4 Bc5 12. Nb3 Bb6 13. a4 a5 14. bxa6 Nxa6 15.
a5 Ba7 16. Ng6 Rh5 17. e6 Qb5 18. Nd4 Qc4 19. Ra4 Qc5 20. Nb3 1-0

[Event "Brnshj Lang Weekend 2019"]
[Site "?"]
[Date "2019.02.09"]
[Round "3"]
[White "Antonsen, Mikkel"]
[Black "Jacobsen, Mikkel Manosri"]
[Result "1-0"]
[WhiteElo "2428"]
[BlackElo "2276"]
[PlyCount "129"]
[EventDate "2019.02.??"]
[EventType "swiss"]
[EventRounds "7"]

1. d4 d5 2. c4 e6 3. Nc3 Nf6 4. cxd5 exd5 5. Bg5 Nbd7 6. e3 Be7 7. Bd3 O-O 8.
Nf3 h6 9. Bf4 a6 10. O-O b5 11. h3 Bb7 12. a3 c5 13. dxc5 Nxc5 14. Nd4 Re8 15.
Rc1 Qb6 16. Bb1 Nce4 17. Nxe4 dxe4 18. Bc7 Qa7 19. Nf5 Bd5 20. Nxe7+ Rxe7 21.
Bd6 Rd7 22. Bc5 Qb8 23. Bd4 Qd6 24. Qd2 Re8 25. Rfd1 Bb3 26. Re1 Nd5 27. Bxe4
Rxe4 28. Qd3 Qg6 29. Qxb3 Nf4 30. exf4 Rxe1+ 31. Rxe1 Rxd4 32. Qf3 Kh7 33. h4
Qd3 34. Qxd3+ Rxd3 35. g3 Rb3 36. Re2 a5 37. Kf1 a4 38. Ke1 b4 39. axb4 Rxb4
40. Kd1 Rb3 41. Kc2 Rf3 42. Kb1 Rd3 43. Ka2 Rd4 44. f5 g6 45. f6 g5 46. h5 Rd6
47. Ka3 Ra6 48. Re4 Rxf6 49. f4 Rb6 50. Rxa4 Rd6 51. Rc4 gxf4 52. Rxf4 Rd3+ 53.
Ka4 Rxg3 54. Rxf7+ Kg8 55. Rc7 Rg5 56. b4 Rxh5 57. b5 Rh1 58. b6 Ra1+ 59. Kb5
Rb1+ 60. Kc5 Rc1+ 61. Kd6 Rd1+ 62. Kc6 Rc1+ 63. Kd7 Rd1+ 64. Kc8 h5 65. b7 1-0

[Event "Brnshj Lang Weekend 2019"]
[Site "?"]
[Date "2019.02.09"]
[Round "3"]
[White "Schmidt, Kristen"]
[Black "Haubro, Martin"]
[Result "1/2-1/2"]
[WhiteElo "2213"]
[BlackElo "2344"]
[PlyCount "138"]
[EventDate "2019.02.??"]
[EventType "swiss"]
[EventRounds "7"]

1. e4 e5 2. Nf3 Nc6 3. Bc4 Nf6 4. d3 Bc5 5. c3 d6 6. O-O a6 7. Bb3 Ba7 8. h3 h6
9. Re1 g5 10. Be3 g4 11. hxg4 Bxg4 12. Bxa7 Nxa7 13. Nbd2 Qe7 14. Qe2 O-O-O 15.
Qe3 Kb8 16. Nf1 Rdg8 17. Ng3 h5 18. Nh4 Ne8 19. Ngf5 Qf6 20. f4 Ng7 21. fxe5
dxe5 22. Rf1 Ne6 23. d4 Nb5 24. dxe5 Qxe5 25. Nh6 Rxh6 26. Qxh6 Qg3 27. Bxe6
Bxe6 28. Qf4 Qd3 29. Rf3 Qc4 30. b3 Qc6 31. Qe3 Rg4 32. Rf4 Rxf4 33. Qxf4 Qxc3
34. Rc1 Qd4+ 35. Kh2 Qb2 36. a4 Nd6 37. e5 Ne4 38. Rd1 Nc5 39. Rd8+ Ka7 40. b4
Nxa4 41. Nf3 Nb6 42. Qd4 Qc1 43. Kg3 Bg4 44. Rf8 Be6 45. Rd8 Bg4 46. Qc5 Qxc5
47. bxc5 Nd7 48. c6 bxc6 49. Kf4 Nc5 50. Ke3 a5 51. Rf8 Be6 52. Kd4 Nb3+ 53.
Kc3 c5 54. Ng5 Bd5 55. Rd8 c6 56. Rxd5 cxd5 57. Kxb3 Kb6 58. Nxf7 Kc7 59. Ng5
Kd7 60. Ka4 c4 61. Nf3 Ke6 62. Kxa5 c3 63. Kb4 c2 64. Nd4+ Kxe5 65. Nxc2 Kf4
66. Kc3 Kg3 67. Ne3 h4 68. Kd4 h3 69. gxh3 Kxh3 1/2-1/2

[Event "Brnshj Lang Weekend 2019"]
[Site "?"]
[Date "2019.02.09"]
[Round "3"]
[White "Vasli, Aref"]
[Black "Percivaldi, Martin"]
[Result "1-0"]
[WhiteElo "2293"]
[BlackElo "2392"]
[PlyCount "113"]
[EventDate "2019.02.??"]
[EventType "swiss"]
[EventRounds "7"]

1. e4 e5 2. Nf3 Nc6 3. Bb5 a6 4. Ba4 d6 5. Bxc6+ bxc6 6. d4 exd4 7. Qxd4 c5 8.
Qd3 g6 9. Bg5 f6 10. Bh4 Bg7 11. O-O Be6 12. Nc3 Ne7 13. Rfe1 O-O 14. Rad1 Qc8
15. e5 dxe5 16. Nxe5 Re8 17. Nc4 Nf5 18. Bg3 Nd4 19. Ne4 Bf5 20. c3 Ne6 21. Ne3
Rd8 22. Qc4 Rxd1 23. Rxd1 Bxe4 24. Qxe4 Qe8 25. Nd5 Rd8 26. Re1 Qf7 27. h4 f5
28. Qxe6 Qxe6 29. Rxe6 Rxd5 30. Rxa6 Rd1+ 31. Kh2 Rb1 32. Ra8+ Kf7 33. Ra7 Rxb2
34. Rxc7+ Kg8 35. Rc8+ Kf7 36. Rxc5 Rxa2 37. Rc7+ Kg8 38. c4 h6 39. c5 g5 40.
hxg5 hxg5 41. f4 g4 42. Rd7 Kh7 43. c6 Rc2 44. c7 Kg6 45. Kg1 Bh6 46. Re7 Rc4
47. Kf1 Rc2 48. Ke1 Kf6 49. Bh4+ Kg6 50. g3 Bg7 51. Rd7 Rc4 52. Bd8 Bc3+ 53.
Ke2 Bb2 54. Rd2 Ba3 55. Ra2 Bd6 56. Ra6 Kh5 57. c8=Q 1-0

[Event "Brnshj Lang Weekend 2019"]
[Site "?"]
[Date "2019.02.10"]
[Round "4"]
[White "Haubro, Martin"]
[Black "Thorsbro, Peter"]
[Result "1-0"]
[WhiteElo "2344"]
[BlackElo "2100"]
[PlyCount "51"]
[EventDate "2019.02.??"]
[EventType "swiss"]
[EventRounds "7"]

1. e4 d6 2. d4 Nf6 3. Nc3 e5 4. Nf3 Nbd7 5. Bc4 Be7 6. O-O O-O 7. a4 c6 8. Re1
Qc7 9. Be3 b6 10. Ba2 a6 11. h3 Rb8 12. Nh4 g6 13. Bh6 Re8 14. Nf3 Bf8 15. Qd2
Bxh6 16. Qxh6 exd4 17. Nxd4 Nc5 18. Re3 Ne6 19. Nf5 Nh5 20. Rd1 Rd8 21. Red3
Nef4 22. Nxd6 Be6 23. Bxe6 fxe6 24. R3d2 e5 25. Qg5 Qd7 26. Nc4 1-0

[Event "Brnshj Lang Weekend 2019"]
[Site "?"]
[Date "2019.02.10"]
[Round "4"]
[White "Percivaldi, Martin"]
[Black "Pedersen, Martin Rosenkilde"]
[Result "1-0"]
[WhiteElo "2392"]
[BlackElo "2140"]
[PlyCount "47"]
[EventDate "2019.02.??"]
[EventType "swiss"]
[EventRounds "7"]

1. Nf3 d5 2. g3 Nc6 3. d4 Bg4 4. Bg2 Qd7 5. c3 Bh3 6. O-O Bxg2 7. Kxg2 O-O-O 8.
b4 f6 9. Nbd2 g5 10. b5 Nb8 11. Qa4 a6 12. Rb1 axb5 13. Rxb5 h5 14. Ba3 h4 15.
Rfb1 b6 16. Qa7 hxg3 17. fxg3 e5 18. Bxf8 e4 19. Ng1 e3 20. Ndf3 g4 21. Rxb6
gxf3+ 22. Nxf3 Qh3+ 23. Kg1 Qxg3+ 24. hxg3 1-0

[Event "Brnshj Lang Weekend 2019"]
[Site "?"]
[Date "2019.02.10"]
[Round "4"]
[White "Rendboe, John Filip"]
[Black "Nielsen, Viktor Haarmark"]
[Result "1/2-1/2"]
[WhiteElo "2156"]
[BlackElo "2265"]
[PlyCount "123"]
[EventDate "2019.02.??"]
[EventType "swiss"]
[EventRounds "7"]

1. d4 d5 2. c4 e6 3. Nc3 Nf6 4. cxd5 Nxd5 5. e4 Nxc3 6. bxc3 c5 7. Nf3 cxd4 8.
cxd4 Bb4+ 9. Bd2 Bxd2+ 10. Qxd2 O-O 11. Be2 b6 12. O-O Bb7 13. Qe3 Nd7 14. a4
Nf6 15. Nd2 Rc8 16. Rfc1 Qd7 17. Bb5 Bc6 18. Rxc6 Rxc6 19. Bxc6 Qxc6 20. f3 Rc8
21. Nb3 Qc3 22. Qxc3 Rxc3 23. Rc1 Rxc1+ 24. Nxc1 Nd7 25. Kf2 Kf8 26. Ke3 Ke7
27. Kd3 e5 28. Nb3 exd4 29. Kxd4 Kd6 30. f4 f6 31. Kc4 a6 32. Kd4 Nf8 33. e5+
fxe5+ 34. fxe5+ Kc6 35. Ke4 Ne6 36. Kf5 Kd5 37. g3 b5 38. axb5 axb5 39. h4 b4
40. h5 Nd8 41. h6 gxh6 42. Kf6 h5 43. Na5 Ne6 44. Nb3 Nc7 45. Kf5 Kc4 46. Na5+
Kd5 47. Nb3 Ne8 48. Na5 Ng7+ 49. Kf6 Ne6 50. Nb3 Nf8 51. Kf7 Kxe5 52. Kxf8 Kf5
53. Kg7 h4 54. gxh4 h5 55. Nd4+ Kg4 56. Kf6 Kxh4 57. Kf5 Kg3 58. Ke4 Kf2 59.
Kf4 h4 60. Kg4 h3 61. Kxh3 b3 62. Nxb3 1/2-1/2

[Event "Brnshj Lang Weekend 2019"]
[Site "?"]
[Date "2019.02.10"]
[Round "4"]
[White "Vasli, Aref"]
[Black "Antonsen, Mikkel"]
[Result "1-0"]
[WhiteElo "2293"]
[BlackElo "2428"]
[PlyCount "101"]
[EventDate "2019.02.??"]
[EventType "swiss"]
[EventRounds "7"]

1. e4 e5 2. Nf3 Nf6 3. Nxe5 d6 4. Nf3 Nxe4 5. Nc3 Nxc3 6. dxc3 Be7 7. Bf4 O-O
8. Qd2 Nd7 9. O-O-O Nc5 10. Bd3 d5 11. Nd4 Ne6 12. Nxe6 Bxe6 13. h4 c5 14. Bg5
f6 15. Qe2 Bf7 16. Bf4 Bd6 17. Qg4 Re8 18. Bh6 Bf8 19. h5 Be6 20. Qg3 Qd7 21.
Bf4 f5 22. Be5 Qf7 23. h6 g6 24. Qf4 Bd7 25. Rhe1 Re6 26. c4 d4 27. Re2 Bc6 28.
f3 Rae8 29. Rde1 a6 30. Kb1 R8e7 31. c3 Be4 32. Bxe4 fxe4 33. Rxe4 dxc3 34. b3
b5 35. Qxf7+ Kxf7 36. cxb5 axb5 37. Bxc3 Rxe4 38. Rxe4 Rxe4 39. fxe4 Bxh6 40.
a4 bxa4 41. bxa4 Ke6 42. Kc2 Bg5 43. Kd3 Kd6 44. Kc4 Kc6 45. Bg7 h5 46. e5 Bd2
47. Bf6 Bb4 48. Bg5 Be1 49. e6 Bb4 50. e7 Kd7 51. Kb5 1-0

[Event "Brnshj Lang Weekend 2019"]
[Site "?"]
[Date "2019.02.10"]
[Round "4"]
[White "Holmsgaard, Henrik"]
[Black "Schmidt, Kristen"]
[Result "1/2-1/2"]
[WhiteElo "2239"]
[BlackElo "2213"]
[PlyCount "90"]
[EventDate "2019.02.??"]
[EventType "swiss"]
[EventRounds "7"]

1. e4 c5 2. c3 Nf6 3. e5 Nd5 4. Nf3 Nc6 5. d4 cxd4 6. cxd4 d6 7. Bc4 e6 8. O-O
Be7 9. Re1 O-O 10. a3 a6 11. Ba2 b5 12. Bd2 dxe5 13. dxe5 b4 14. Bc4 Bb7 15.
axb4 Ncxb4 16. Qb3 a5 17. Rd1 Qc7 18. Bxb4 Bxb4 19. Nbd2 Rfc8 20. Bd3 Nf4 21.
Be4 Rab8 22. Qe3 Bxe4 23. Nxe4 Nd5 24. Qg5 h6 25. Qg3 Qc2 26. Nf6+ Nxf6 27.
exf6 Qg6 28. fxg7 Qxg3 29. hxg3 Rc2 30. Rac1 Rbc8 31. Rd8+ Rxd8 32. Rxc2 Kxg7
33. Ne5 Rd1+ 34. Kh2 Rd5 35. f4 h5 36. Rc7 Bd6 37. Rxf7+ Kg8 38. Ra7 Bxe5 39.
fxe5 Rxe5 40. Kh3 Rg5 41. Kh4 Rg4+ 42. Kxh5 Rxg3 43. Rxa5 Rxg2 44. Rg5+ Rxg5+
45. Kxg5 Kf7 1/2-1/2

[Event "Brnshj Lang Weekend 2019"]
[Site "?"]
[Date "2019.02.10"]
[Round "5"]
[White "Stojanovski, Sandi"]
[Black "Percivaldi, Martin"]
[Result "0-1"]
[WhiteElo "2235"]
[BlackElo "2392"]
[PlyCount "92"]
[EventDate "2019.02.??"]
[EventType "swiss"]
[EventRounds "7"]

1. c4 e5 2. g3 h5 3. h4 Nc6 4. Nc3 Bc5 5. a3 a6 6. d3 d6 7. Nd5 Nge7 8. Bg2
Nxd5 9. cxd5 Ne7 10. Nf3 Nxd5 11. d4 exd4 12. O-O Qf6 13. Bg5 Qg6 14. Nxd4 f6
15. Bc1 Ne7 16. e3 Rb8 17. b4 Bb6 18. Bb2 O-O 19. Qb3+ Qf7 20. Qd3 Bxd4 21.
Qxd4 Nc6 22. Qc3 Ne5 23. Rac1 c6 24. f4 Ng4 25. e4 Be6 26. Rfd1 Rfd8 27. Bf3
Qe7 28. Qe1 Rd7 29. Qe2 f5 30. exf5 Bxf5 31. Qxe7 Rxe7 32. Bxg4 hxg4 33. Rxd6
Re3 34. Rc5 Rxg3+ 35. Kh2 Rh3+ 36. Kg1 Rg3+ 37. Kh2 Rh3+ 38. Kg1 Rf8 39. Re5
Kh7 40. Re7 Rg8 41. h5 Rxh5 42. Rxb7 Rh3 43. Re7 Rb3 44. Bf6 Rxa3 45. Rxc6 Be4
46. Bg5 Bxc6 0-1

[Event "Brnshj Lang Weekend 2019"]
[Site "?"]
[Date "2019.02.10"]
[Round "5"]
[White "Thybo, Thomas Sondergaard"]
[Black "Holmsgaard, Henrik"]
[Result "0-1"]
[WhiteElo "2164"]
[BlackElo "2239"]
[PlyCount "68"]
[EventDate "2019.02.??"]
[EventType "swiss"]
[EventRounds "7"]

1. e4 c5 2. Nf3 e6 3. d4 cxd4 4. Nxd4 Nc6 5. Nc3 Qc7 6. Be2 a6 7. Be3 Nf6 8.
O-O d6 9. f4 Be7 10. Qe1 Bd7 11. Rd1 O-O 12. Qg3 Nxd4 13. Bxd4 Bc6 14. Kh1 b5
15. e5 dxe5 16. Bxe5 Qb7 17. Rd2 Rad8 18. Bd3 Ne8 19. Qh3 g6 20. Re2 Nd6 21.
Qh6 f6 22. Bxg6 Rf7 23. Bxf7+ Nxf7 24. Qh3 fxe5 25. Qg4+ Kh8 26. Qxe6 Rg8 27.
Rg1 Bc5 28. Qf6+ Rg7 29. fxe5 Bxg1 30. Kxg1 Bxg2 31. e6 Qb6+ 32. Rf2 Bh3+ 33.
Qxg7+ Kxg7 34. exf7 Kf8 0-1

[Event "Brnshj Lang Weekend 2019"]
[Site "?"]
[Date "2019.02.10"]
[Round "5"]
[White "Haubro, Martin"]
[Black "Vasli, Aref"]
[Result "0-1"]
[WhiteElo "2344"]
[BlackElo "2293"]
[PlyCount "96"]
[EventDate "2019.02.??"]
[EventType "swiss"]
[EventRounds "7"]

1. e4 e5 2. Nf3 Nc6 3. Bb5 a6 4. Ba4 Nf6 5. O-O Be7 6. Re1 b5 7. Bb3 d6 8. c3
O-O 9. h3 Bb7 10. d4 Re8 11. Nbd2 exd4 12. cxd4 Nd7 13. Nf1 Na5 14. Bc2 Bf6 15.
Rb1 c5 16. d5 Nc4 17. N3h2 g6 18. b3 Ncb6 19. Ng4 Bg7 20. Bf4 Ne5 21. a4 Bc8
22. Nge3 b4 23. a5 Nbd7 24. Bh2 c4 25. bxc4 Nc5 26. Rxb4 Qxa5 27. Rb1 Qc7 28.
Nd2 Ned3 29. Bxd3 Nxd3 30. Re2 Nc5 31. f3 Bd7 32. Qc2 Ba4 33. Qa2 Rab8 34. Ree1
Bd4 35. Ndf1 Rxb1 36. Rxb1 Rb8 37. Kh1 Rxb1 38. Qxb1 a5 39. Nc2 Bxc2 40. Qxc2
a4 41. Qd2 Nb3 42. Qb4 Nc5 43. Nd2 Qa7 44. Nb1 Nd3 45. Qb5 Nf2+ 46. Kg1 Ng4+
47. Kh1 Nxh2 48. Na3 Nf1 0-1

[Event "Brnshj Lang Weekend 2019"]
[Site "?"]
[Date "2019.02.10"]
[Round "5"]
[White "Antonsen, Mikkel"]
[Black "Rendboe, John Filip"]
[Result "1-0"]
[WhiteElo "2428"]
[BlackElo "2156"]
[PlyCount "91"]
[EventDate "2019.02.??"]
[EventType "swiss"]
[EventRounds "7"]

1. d4 d5 2. c4 e6 3. Nc3 Be7 4. Nf3 Nf6 5. Bf4 O-O 6. e3 b6 7. Bd3 Bb7 8. O-O
c5 9. dxc5 bxc5 10. cxd5 exd5 11. Re1 Na6 12. Rc1 Nc7 13. Bb1 Ne6 14. Be5 Qd7
15. Qc2 g6 16. Rcd1 Rfd8 17. Bg3 Rac8 18. Qa4 Qxa4 19. Nxa4 Ne4 20. Bxe4 dxe4
21. Ne5 f6 22. Nc4 Bd5 23. b3 Bxc4 24. bxc4 Rxd1 25. Rxd1 Rd8 26. Rc1 Rd2 27.
Nc3 f5 28. Rb1 Rc2 29. Nd5 Kf7 30. h3 Nd8 31. Nxe7 Kxe7 32. Bh4+ Ke8 33. Rb8
Rd2 34. g4 fxg4 35. hxg4 h6 36. a4 g5 37. Bg3 Ke7 38. Rc8 Ne6 39. Rh8 Rc2 40.
Rxh6 Kd7 41. Rh7+ Kc6 42. Re7 Nd8 43. Rxe4 Ra2 44. f4 gxf4 45. exf4 Rxa4 46. g5
1-0

[Event "Brnshj Lang Weekend 2019"]
[Site "?"]
[Date "2019.02.10"]
[Round "5"]
[White "Schmidt, Kristen"]
[Black "Jacobsen, Mikkel Manosri"]
[Result "0-1"]
[WhiteElo "2213"]
[BlackElo "2276"]
[PlyCount "72"]
[EventDate "2019.02.??"]
[EventType "swiss"]
[EventRounds "7"]

1. e4 c6 2. d4 d5 3. exd5 cxd5 4. Bd3 Nc6 5. c3 Nf6 6. Bf4 Bg4 7. Qb3 Qd7 8.
Nd2 e6 9. Ngf3 Bd6 10. Bxd6 Qxd6 11. O-O O-O 12. Rae1 Nd7 13. Re3 Bh5 14. Rfe1
Bg6 15. Bxg6 hxg6 16. Ne5 Ndxe5 17. dxe5 Qc5 18. Nf3 Rfd8 19. Ng5 b5 20. Rf3
Rd7 21. Rf4 Re8 22. Kh1 d4 23. cxd4 Rxd4 24. Rxd4 Nxd4 25. Qe3 Qb4 26. Rd1 Nc6
27. Nxf7 Qxb2 28. Nd6 Rd8 29. f4 g5 30. Qc5 Nb4 31. Qxa7 Rf8 32. Qe7 Qxa2 33.
Qxg5 Nd3 34. Rf1 Qe2 35. Ra1 Qb2 36. Rf1 Rxf4 0-1

[Event "Brnshj Lang Weekend 2019"]
[Site "?"]
[Date "2019.02.11"]
[Round "6"]
[White "Eriksson, Christian Altenburg"]
[Black "Haubro, Martin"]
[Result "0-1"]
[WhiteElo "2135"]
[BlackElo "2344"]
[PlyCount "110"]
[EventDate "2019.02.??"]
[EventType "swiss"]
[EventRounds "7"]

1. e4 c5 2. c3 d5 3. exd5 Qxd5 4. Nf3 Nc6 5. d4 Bf5 6. Be3 Nf6 7. Be2 cxd4 8.
cxd4 Bxb1 9. Rxb1 e6 10. O-O Be7 11. a3 O-O 12. Rc1 Rfd8 13. Qa4 Ng4 14. Qb5 a6
15. Qxd5 Rxd5 16. h3 Nxe3 17. fxe3 Bf6 18. Rfd1 Rd7 19. Kf2 Kf8 20. Rc2 Ke7 21.
b4 Na7 22. a4 Rc8 23. Rdc1 Rxc2 24. Rxc2 Kd8 25. Nd2 Rc7 26. Rxc7 Kxc7 27. Ne4
Be7 28. Nc5 Bxc5 29. dxc5 Nc6 30. b5 axb5 31. axb5 Ne5 32. g4 Nd7 33. c6 bxc6
34. bxc6 Kxc6 35. Bd3 h6 36. Bc2 Kd5 37. Ba4 Nc5 38. Bc2 Ke5 39. Kf3 g5 40. Bb1
f5 41. Bc2 Nd7 42. Bb1 Nf6 43. Bc2 Nd5 44. gxf5 exf5 45. Bxf5 Kxf5 46. e4+ Ke5
47. exd5 h5 48. h4 g4+ 49. Ke3 Kxd5 50. Kd3 Ke5 51. Ke3 Kf5 52. Kf2 Ke4 53. Kg2
Kf4 54. Kh2 Kf3 55. Kh1 Kg3 0-1

[Event "Brnshj Lang Weekend 2019"]
[Site "?"]
[Date "2019.02.11"]
[Round "6"]
[White "Holmsgaard, Henrik"]
[Black "Antonsen, Mikkel"]
[Result "0-1"]
[WhiteElo "2239"]
[BlackElo "2428"]
[PlyCount "60"]
[EventDate "2019.02.??"]
[EventType "swiss"]
[EventRounds "7"]

1. e4 e6 2. d4 d5 3. e5 c5 4. c3 Qb6 5. Nf3 Nc6 6. a3 c4 7. Nbd2 Na5 8. Be2 Bd7
9. O-O Ne7 10. Re1 Qc7 11. Rb1 Nc8 12. Nf1 Nb6 13. Qd2 Ba4 14. Ng3 h6 15. h4
Be7 16. h5 O-O-O 17. Nh2 Bg5 18. f4 Bh4 19. Kf2 g5 20. hxg6 fxg6 21. Nf3 Bxg3+
22. Kxg3 g5 23. Bd1 Qh7 24. Bxa4 Nxa4 25. Qd1 Nxc3 26. bxc3 Qxb1 27. Nd2 Qd3+
28. Kf2 gxf4 29. Qa4 Nc6 30. Nf3 Qxc3 0-1

[Event "Brnshj Lang Weekend 2019"]
[Site "?"]
[Date "2019.02.11"]
[Round "6"]
[White "Jacobsen, Mikkel Manosri"]
[Black "Vasli, Aref"]
[Result "0-1"]
[WhiteElo "2276"]
[BlackElo "2293"]
[PlyCount "112"]
[EventDate "2019.02.??"]
[EventType "swiss"]
[EventRounds "7"]

1. d4 Nf6 2. c4 e6 3. Nf3 c5 4. d5 exd5 5. cxd5 d6 6. Nc3 g6 7. e4 Bg7 8. Nd2
O-O 9. Be2 Re8 10. O-O Nbd7 11. h3 a6 12. a4 Rb8 13. Re1 h6 14. Qc2 Qe7 15. Bf1
Nh5 16. Nc4 Ne5 17. Nb6 Bxh3 18. f4 Nd7 19. Nc4 Bg4 20. Qf2 Bd4 21. Be3 Qf6 22.
g3 Bxc3 23. bxc3 Rxe4 24. Bd2 Rxe1 25. Rxe1 Ng7 26. Ne3 h5 27. Nxg4 hxg4 28.
Bd3 b5 29. axb5 axb5 30. Qe2 c4 31. Bc2 Nb6 32. Qxg4 b4 33. Qf3 b3 34. Bb1 Na4
35. Kg2 Nf5 36. Rh1 Re8 37. Kf2 Ng7 38. g4 Qe7 39. f5 gxf5 40. gxf5 f6 41. Bh6
Nxc3 42. Qxc3 Qe2+ 43. Kg3 Nh5+ 44. Rxh5 Qe1+ 45. Qxe1 Rxe1 46. Bd2 Rxb1 47.
Bc3 b2 48. Bxb2 Rxb2 49. Rh4 Rb3+ 50. Kf2 c3 51. Rc4 Kg7 52. Ke2 Rb2+ 53. Kd3
c2 54. Rc6 Rb5 55. Kd2 Rxd5+ 56. Kxc2 Rc5+ 0-1

[Event "Brnshj Lang Weekend 2019"]
[Site "?"]
[Date "2019.02.11"]
[Round "6"]
[White "Percivaldi, Martin"]
[Black "Nielsen, Viktor Haarmark"]
[Result "0-1"]
[WhiteElo "2392"]
[BlackElo "2265"]
[PlyCount "112"]
[EventDate "2019.02.??"]
[EventType "swiss"]
[EventRounds "7"]

1. d4 d5 2. c4 c6 3. Nf3 Nf6 4. g3 e6 5. Bg2 dxc4 6. O-O b5 7. Ne5 Bb7 8. b3
cxb3 9. axb3 Be7 10. Bb2 Nd5 11. Nd2 Nd7 12. Nd3 O-O 13. Ne4 Nb4 14. Nxb4 Bxb4
15. d5 cxd5 16. Qd4 f6 17. Qxb4 dxe4 18. Rfd1 Qe8 19. Qxb5 Nb6 20. Qb4 f5 21.
Ra5 Bd5 22. Rda1 Qd7 23. Qa3 Rf7 24. Bd4 Qb7 25. e3 Nc8 26. Rb1 Rb8 27. Be5 Ra8
28. Bf1 Nb6 29. Bd4 Qb8 30. Rc1 h6 31. Rac5 Qf8 32. Ba6 Kh7 33. Qb2 Rb8 34. Rc7
Rd8 35. Be5 Rxc7 36. Rxc7 Rd7 37. Qc3 Qe7 38. Rc5 Bxb3 39. Bb5 Rd1+ 40. Kg2 Nd5
41. Qxb3 Qxc5 42. Qxd1 Qxb5 43. Qa1 Qb7 44. Bd4 a6 45. Qa3 Nb4 46. Qb3 Qe7 47.
Qc4 Nd3 48. Qxa6 e5 49. Bc3 Qg5 50. Qa2 Qg4 51. Qd2 h5 52. h4 Qf3+ 53. Kg1 f4
54. exf4 exf4 55. Kh2 Nxf2 56. gxf4 Qh1+ 0-1